header

Toxocara (Record no. 201949)

MARC details
000 -LEADER
fixed length control field 01243nam a22003254a 4500
082 04 - DEWEY DECIMAL CLASSIFICATION NUMBER
Classification number 616.9/59
245 00 - TITLE STATEMENT
Title Toxocara
260 ## - PUBLICATION, DISTRIBUTION, ETC. (IMPRINT)
Place of publication Wallingford, UK ;
-- Cambridge, MA :
Name of publisher CABI Pub.,
Year of publication c2006.
300 ## - PHYSICAL DESCRIPTION
Number of Pages xi, 301 p. :
Other physical details ill.
650 #0 - SUBJECT ADDED ENTRY--TOPICAL TERM
Topical Term Larva migrans, Visceral.
Topical Term Toxocara.
700 1# - ADDED ENTRY--PERSONAL NAME
Personal name Holland, Celia.
Personal name Smith, H. V.
856 40 - ELECTRONIC LOCATION AND ACCESS
Uniform Resource Identifier http://site.ebrary.com/lib/rucke/Doc?id=10157926

No items available.

© 2026 Rongo University
Contact us: librarian | system librarian | Rongo university